Sports Quiz

Random Sports or Country Quiz

The Jupiler Pro League ex-players Quiz Stats

 Plays Quiz not verified by Sporcle

Challenge
Share
Tweet
Embed
Score 0/30 Timer 20:00
0 Plays Today
Country Player % Correct
BelgiumKevin de Bruyne
98.2%
BelgiumMarouane Fellaini
96%
BelgiumAxel Witsel
96%
BelgiumChristian Benteke
96%
BelgiumRomelu Lukaku
94.7%
BelgiumVincent Kompany
93.8%
BelgiumThibaut Courtois
92.9%
BelgiumThorgan Hazard
92.5%
ColombiaCarlos Bacca
92%
Ivory CoastYaya Touré
90.7%
SerbiaAleksandar Mitrović
87.6%
BelgiumMoussa Dembélé
86.3%
AustraliaMatthew Ryan
85.8%
ArgentinaLucas Biglia
83.6%
Costa RicaBryan Ruiz
83.2%
Country Player % Correct
DR CongoDieumerci Mbokani
81.4%
SenegalCheikhou Kouyaté
80.1%
MoroccoMbark Boussoufa
78.8%
BelgiumMichy Batshuayi
77.9%
SpainVictor Valdes
77%
BrazilDante
76.1%
GermanyMarko Marin
70.8%
DR CongoChancel Mbemba
69%
KenyaVictor Wanyama
68.6%
Ivory CoastGervinho
65.9%
FranceEliaquim Mangala
62.8%
PortugalWilliam Carvalho
52.2%
IcelandEidur Gudjohnsen
51.8%
FranceWilliam Vainqueur
33.2%
CroatiaIvan Perišić
20.8%

You're not logged in!

Compare scores with friends on all Sporcle quizzes.
OR
Log In

You Might Also Like...

Show Comments

Extras

Top Quizzes Today


Score Distribution

Your Account Isn't Verified!

In order to create a playlist on Sporcle, you need to verify the email address you used during registration. Go to your Sporcle Settings to finish the process.

Report this User

Report this user for behavior that violates our Community Guidelines.

Details: